[Event "Eliminacje Miedzywojewodzkie (MA - WM) grupa C13"]
[Site "OSW „Nadrzecze” ul. Brzostowa 5, 07-306 Brok"]
[Date "1899-12-30"]
[Round "9.3"]
[White "Kaczorowski, Jan"]
[Black "Kazmierowski, Tymon"]
[Result "0-1"]
[WhiteTitle "III"]
[BlackTitle "I"]
[WhiteElo "1107"]
[BlackElo "1970"]

1. e4 c5 2. Nf3 d6 3. d4 cxd4 4. Nxd4 Nf6 5. Nc3 a6 6. Be2 e5 7. Nb3 Be7 8. Bg5
Nbd7 9. Qd3 b5 10. a3 Bb7 11. Bxf6 Nxf6 12. O-O O-O 13. f3 Rc8 14. Rac1 Qc7 15.
Rfd1 Rfd8 16. Kh1 d5 17. Nxd5 Nxd5 18. exd5 Bxd5 19. Qf5 Bxb3 20. Rxd8+ Rxd8 21.
Bd3 g6 22. Qe4 Be6 23. Rd1 Bf5 24. Qe2 Bxd3 25. Rxd3 Rxd3 26. Qxd3 Qc4 27. Qxc4
bxc4 28. c3 Bg5 29. Kg1 Bc1 30. Kf2 Bxb2 31. Ke3 Bxc3 32. Ke2 Kf8 0-1

[Event "Eliminacje Miedzywojewodzkie (MA - WM) grupa C13"]
[Site "OSW „Nadrzecze” ul. Brzostowa 5, 07-306 Brok"]
[Date "1899-12-30"]
[Round "9.5"]
[White "Pancewicz, Szymon"]
[Black "Krasniewski, Maciej"]
[Result "1-0"]
[WhiteTitle "I+"]
[BlackTitle "I"]
[WhiteElo "1793"]
[BlackElo "1521"]

1. e4 c5 2. Nf3 a6 3. c3 Nf6 4. e5 Nd5 5. d4 cxd4 6. cxd4 d6 7. Nc3 Nb6 8. Bf4
e6 9. Bd3 Nc6 10. a3 d5 11. O-O Be7 12. Be3 Qc7 13. Nd2 Bd7 14. f4 g6 15. Rc1
Rc8 16. b4 Qb8 17. Nb3 Na7 18. Nc5 Bb5 19. Nxb5 axb5 20. Rc3 O-O 21. g4 Bxc5 22.
bxc5 Nc4 23. Bc1 b6 24. f5 bxc5 25. Bxc4 bxc4 26. f6 Rfd8 27. Qd2 Kf8 28. Qh6+
Ke8 29. Qxh7 cxd4 30. Qg8+ Kd7 31. Qxf7+ Kc6 32. Qxe6+ Kb7 33. Rcf3 Rc6 34. Qe7+
Rc7 35. Qb4+ Ka8 36. Qxb8+ Kxb8 37. f7 Kb7 38. f8=Q Rxf8 39. Rxf8 Nc6 40. R8f7
c3 41. Rxc7+ Kxc7 42. Kf2 Kb6 43. e6 Kc5 44. Re1 Kd6 45. Bf4+ Ke7 46. Bg5+ Ke8
47. Ke2 Ne5 48. Rd1 Nc6 49. Kd3 Ne5+ 50. Kxd4 Nf3+ 51. Kxd5 Nxg5 52. Rc1 Nh7 53.
Rxc3 Nf6+ 54. Ke5 Nxg4+ 55. Kd6 Kd8 56. e7+ 1-0

[Event "Eliminacje Miedzywojewodzkie (MA - WM) grupa C13"]
[Site "OSW „Nadrzecze” ul. Brzostowa 5, 07-306 Brok"]
[Date "1899-12-30"]
[Round "9.6"]
[White "Szymkiewicz, Witold"]
[Black "Rodziewicz-bielewicz, Kuba"]
[Result "1-0"]
[WhiteTitle "II+"]
[BlackTitle "II"]
[WhiteElo "1244"]
[BlackElo "1164"]

1. e4 g6 2. d4 Bg7 3. Nc3 c6 4. Be2 d5 5. e5 f6 6. f4 Nd7 7. Nf3 Nb6 8. O-O Bg4
9. h3 Bxf3 10. Rxf3 Nh6 11. Be3 Nc4 12. Bf2 O-O 13. Bxc4 dxc4 14. Qe2 b5 15. e6
Nf5 16. Rd1 Qd6 17. g4 Nh6 18. Qe3 Kh8 19. Ne2 Qc5 20. dxc5 1-0